Statistiques concernant Intercommunalité des Ardennes

Cliquez ici pour prendre le quiz!

Statistiques générales

  • Ce quiz a été pris 13 fois
  • Le résultat moyen est 4 sur 8

Statistiques - réponses

Nombres de communesIntercommunalités% Correct
58Ardennes Métropole
91%
19Communauté de Communes Ardennes-Rives-de-Meuse
73%
65Communauté de Communes du Pays Rethélois
73%
95Communauté de Communes de l'Argonne Ardenaise
64%
50Communauté de Communes des Portes du Luxembourg
36%
94Communauté de Communes des crêtes préardennaises
27%
37Communauté de Communes Ardennes Thiérache
18%
31Communauté de Communes Vallées et Plateau d'Ardenne
18%

Distribution des résultats

Percentile par nombre de réponses

% des personnes avec chaque résultat

Votre développement - résultats

Vous n’avez pas pris ce quiz